| 000 | 01734 a2200253 4500 | ||
|---|---|---|---|
| 001 | 39402 | ||
| 005 | 20260407155652.0 | ||
| 008 | 260407a2016 arg spa d | ||
| 003 | AR-UNSa-BCEJYS | ||
| 040 |
_aAR-UNSa-BCEJYS _bspa _cAR-UNSa-BCEJYS |
||
| 080 |
_a620.9 _xEconomía de la energía en general |
||
| 245 | 1 | 0 |
_aLos desafíos de la política energética argentina _ppanorama y propuestas |
| 020 | _a978-987-02-9116-9 | ||
| 264 | 1 |
_aBuenos Aires : _bDunken _c2016 |
|
| 300 |
_a175 p. _c22 cm. |
||
| 505 | _a1. Una visión integral del sector energético argentino: de las causas a las consecuencias de la ausencia de política energética de largo plazo - 2. Sector energético y medio ambiente: oportunidades en un contexto de cambio climático - 3. El bloqueo tecnológico en el sector eléctrico argentino: barreras a la difusión de las nuevas energías renovables - 4. Sistemas de innovación en tecnológias energeticas: una aproximación al caso de los biocombustibles liquidos en argentina - 5. Tratamiento de los residuos orgánicos agropecuarios y generación de biogas en Argentina - 6. Planeamiento y gobernanza en el desarrollo de las energías renovables para la inclusión social - 7. La Argentina en el nuevo escenario energético mundial. Una visión desde la geopolítica de la energía - 8. Los nuevos desafíos de las políticas públicas aplicadas al sistema energético ambiental argentino | ||
| 041 | _aspa | ||
| 942 | _cBK | ||
| 590 | _aniveau_biblio:m niveau_hierar:0 | ||
| 100 | 1 | _aGuzowski, Carina | |
| 700 | 1 | _aIbañez Martín, María María | |
| 700 | 1 | _aRojas, Mara Leticia | |
| 856 | 4 | 1 |
_uhttps://biblioeco.unsa.edu.ar/pmb/images/libros/politicaEnergetica.jpg _yImagen de portada _qimage/jpeg |
| 999 |
_c3040 _d3040 |
||